La educación en el primer año de la Revolución Popular Sandinista

সংরক্ষণ করুন:
গ্রন্থ-পঞ্জীর বিবরন
সংস্থা লেখক: Nicaragua. Ministerio de Educación
বিন্যাস: পাঠ‍্য
প্রকাশিত: Managua: Nicaragua. Ministerio de Educación
ট্যাগগুলো: ট্যাগ যুক্ত করুন
কোনো ট্যাগ নেই, প্রথমজন হিসাবে ট্যাগ করুন!

MARC

LEADER 00000 a a2200000 04500
001 22667
003
040
090 |a 155400  
110 |a Nicaragua. Ministerio de Educación  
245 |a La educación en el primer año de la Revolución Popular Sandinista  
260 |a Managua:   |b Nicaragua. Ministerio de Educación  
300 |a 238 p.   |b **no definido**   |b il.  
999 |c 15192  |d 15192